书目信息 |
| 题名: |
中国云杉林
|
|
| 作者: | 王国宏 著 | |
| 分册: | ||
| 出版信息: | 北京 科学出版社 2017 |
|
| 页数: | 644页 | |
| 开本: | 27cm | |
| 丛书名: | ||
| 单 册: | ||
| 中图分类: | S791.18 | |
| 科图分类: | ||
| 主题词: | 云杉--yun shan--天然林--介绍--中国 | |
| 电子资源: | ||
| ISBN: | 978-7-03-056219-7 | |
| 000 | 01165nam0 2200289 45 | |
| 001 | 012001002680 | |
| 005 | 20140101131008.0 | |
| 010 | @a978-7-03-056219-7@b精装@dCNY398.00 | |
| 099 | @aCAL 012019048392 | |
| 100 | @a20190416d20182017em y0chiy50 ea | |
| 101 | 0 | @achi |
| 102 | @aCN@b110000 | |
| 105 | @aak a 001yy | |
| 106 | @ar | |
| 200 | 1 | @a中国云杉林@Azhong guo yun shan lin@f王国宏著 |
| 210 | @a北京@c科学出版社@d2017@h2018重刷 | |
| 215 | @a644页@c图 (部分彩图)@d27cm | |
| 312 | @a英文并列题名取自封面 | |
| 320 | @a有书目和索引 | |
| 330 | @a本书在对全球和中国云杉林进行概述的基础上, 以样方数据为凭证, 系统地描述了中国云杉林15个群系 (含75群丛组和132个群丛) 的地理分布, 自然环境, 生态特征, 群落组成、结构和类型, 建群种的生物学特性, 生物量与生产力, 群落动态与演替, 价值与保育等特征。全书图文并茂, 数据翔实, 通俗易懂, 引证了650个样方, 附配200多幅反映群落外貌和结构的照片。 | |
| 510 | 1 | @aSpruce forest of China@zeng |
| 513 | 1 | @aSpruce forest of China@zeng |
| 606 | 0 | @a云杉@Ayun shan@x天然林@x介绍@y中国 |
| 690 | @aS791.18@v5 | |
| 701 | 0 | @a王国宏@Awang guo hong@4著 |
| 801 | 0 | @aCN@b北京卓展@c20191020 |
| 905 | @b1204201-2@dS791.18@e132@f2 | |
| 中国云杉林/王国宏著.-北京:科学出版社,2017(2018重刷) |
| 644页:图 (部分彩图);27cm |
| ISBN 978-7-03-056219-7(精装):CNY398.00 |
| 本书在对全球和中国云杉林进行概述的基础上, 以样方数据为凭证, 系统地描述了中国云杉林15个群系 (含75群丛组和132个群丛) 的地理分布, 自然环境, 生态特征, 群落组成、结构和类型, 建群种的生物学特性, 生物量与生产力, 群落动态与演替, 价值与保育等特征。全书图文并茂, 数据翔实, 通俗易懂, 引证了650个样方, 附配200多幅反映群落外貌和结构的照片。 |
| ● |
| 相关链接 |
|
|
|
|
正题名:中国云杉林
索取号:S791.18/132
 
预约/预借
| 序号 | 登录号 | 条形码 | 馆藏地/架位号 | 状态 | 备注 |
| 1 | 1204201 | 212042010 | 第二样本阅览室/ [索取号:S791.18/132] | 在馆 | |
| 2 | 1204202 | 212042029 | 第三借阅区/ [索取号:S791.18/132] | 在馆 |